039_ Personnalités nées un 8 février par images - Statistiques

Statistiques générales
  • Ce quiz a été pris 48 fois
  • Le résultat moyen est 4 sur 12
Statistiques - réponses
Par images Hint Réponse % Correct
Youtubeuse Natoo
85%
Chanteur Guy Manuel de Homem Christo
72%
Youtubeur Poisson Fécond
57%
Compositeur John Williams
49%
Écrivain Jules Verne
34%
Humoriste Philippe Caverivière
34%
Scientifique Dmitri Mendeleïev
13%
Vidéaste Bella Poarch
9%
Acteur Gary Coleman
9%
Athlète Charles Coste
6%
Économiste Joseph Schumpeter
4%
Actrice Lana Turner
4%
Aucun quiz correspondant
Distribution des résultats
% des personnes avec chaque résultat
Percentile par nombre de réponses
Votre historique - résultats
Vous n’avez pas pris ce quiz